Pensamiento español en la era de Franco: 1939-1975
Furkejuvvon:
| Váldodahkki: | |
|---|---|
| Materiálatiipa: | Girji |
| Giella: | espánnjágiella |
| Almmustuhtton: |
Madrid, España
Tecnos
1983
|
| Ráidu: | Ciencia Política
|
| Fáttát: | |
| Fáddágilkorat: |
Lasit fáddágilkoriid
Eai fáddágilkorat, Lasit vuosttaš fáddágilkora!
|
MARC
| LEADER | 00000nam a2200000 a 4500 | ||
|---|---|---|---|
| 001 | UCO1658 | ||
| 003 | CL-VaPUC | ||
| 005 | 20240402111020.0 | ||
| 008 | 000519e19830000SP |||||||||||||||||spa|d | ||
| 999 | |c 288262 |d 288260 | ||
| 020 | |a 8430909990 | ||
| 040 | |c Pontificia Universidad Católica de Valparaíso | ||
| 082 | 0 | 4 | |a 320.510946 DIA 1983 |2 21 |
| 100 | 0 | |a Díaz, Elías |e author |9 444050 | |
| 245 | 1 | 0 | |a Pensamiento español en la era de Franco: |b 1939-1975 |
| 260 | |a Madrid, España |b Tecnos |c 1983 | ||
| 300 | |a 219 páginas | ||
| 490 | 0 | |a Ciencia Política | |
| 583 | |a last modification |c 20160913 04:02:32 |k Rodrigo Vera | ||
| 600 | 0 | 7 | |a FRANCO BAHAMONDE, FRANCISCO |2 CL-VaPUC |9 442489 |z ESPAÑA |
| 650 | 7 | |a FILOSOFIA POLITICA |2 CL-VaPUC |9 444051 |z ESPAÑA | |
| 650 | 7 | |a HISTORIA DE ESPAÑA |2 CL-VaPUC |9 444052 |y SIGLO 20 | |
| 650 | 0 | |a Liberalismo |z ESPAÑA |9 255715 | |
| 650 | 0 | |a Franquismo |z ESPAÑA |9 318598 | |
| 852 | |a BIBCUR | ||
| 942 | |c BK |2 ddc | ||
| 945 | |d 20000519 00:00:00 |a rherrera | ||
| 952 | |0 0 |1 0 |2 ddc |4 0 |6 320_510946000000000_DIA_1983 |7 0 |8 A |9 335837 |a BIBHIS |b BIBHIS |d 2019-11-20 |i 1269305 |o 320.510946 DIA 1983 |p 1269305 |r 2025-01-20 |t 1 |w 2019-11-20 |y BK |k HIS | ||